Vista normal
Vista MARC
Entrada Autoridad Autor Personal
Número de registros utilizados en: 1
001 - CONTROL NUMBER
- control field: 32722
003 - CONTROL NUMBER IDENTIFIER
- control field: OSt
005 - DATE AND TIME OF LATEST TRANSACTION
- control field: 20231102150000.0
008 - FIXED-LENGTH DATA ELEMENTS
- fixed length control field: 160608|| aca||aabn | a|a d
040 ## - CATALOGING SOURCE
- Original cataloging agency: OSt
- Transcribing agency: OSt
100 ## - HEADING--PERSONAL NAME
- Personal name: GOMEZ DEL CAMPO, José.
- Relator term: compilador
670 ## - SOURCE DATA FOUND
- Source citation: Work cat.: (OSt)31027: Desarrollo potencial humano, , 1989